Škola akcionára cenné papiere na doručiteľa, na rad a na meno

Salvato in:
Dettagli Bibliografici
Autore principale: Hrvoľová, Božena
Natura: Capitolo di libro
Lingua:slovacco
Tags: Aggiungi Tag
Nessun Tag, puoi essere il primo ad aggiungerne!!

MARC

LEADER 00000naa$a2200000$$$4500
001 0087805
005 20240502072003.0
041 0 |a slo 
044 |a SK 
245 1 0 |a Škola akcionára  |b cenné papiere na doručiteľa, na rad a na meno  |c Božena Hrvoľová 
100 1 |a Hrvoľová, Božena